Una habitación con vistas /
Florencia, principios de siglo. Lucy Honeychurch y su prima Charlotte Bartlett pasan unos días en una ciudad italiana, en la pensión Bertolini. Su habitación no tiene buenas vistas y esto provoca la relación con otros huéspedes, concretamente el señor Emerson y su hijo George, que les ofrecen interc...
Guardado en:
| Autor Principal: | |
|---|---|
| Otros Autores: | |
| Formato: | Libro |
| Idioma: | Undetermined |
| Publicado: |
Barcelona :
RBA,
1993.
|
| Series: | Narrativa actual ;
17 |
| Materias: | |
| Etiquetas: |
Agregar Etiqueta
Sin Etiquetas, Sea el primero en etiquetar este registro!
|
| LEADER | 01382nam a22002295a 4500 | ||
|---|---|---|---|
| 001 | CEM.cems024413 | ||
| 008 | 241216s1993####sp############000#0#und#d | ||
| 005 | 20241216165814.0 | ||
| 245 | 1 | 0 | |a Una habitación con vistas / |c Edward Morgan Forster. |
| 260 | |a Barcelona : |b RBA, |c 1993. | ||
| 300 | |a 232 p. | ||
| 490 | 1 | |a Narrativa actual ; |v 17 | |
| 500 | |a Título original: A room with a view. | ||
| 520 | |a Florencia, principios de siglo. Lucy Honeychurch y su prima Charlotte Bartlett pasan unos días en una ciudad italiana, en la pensión Bertolini. Su habitación no tiene buenas vistas y esto provoca la relación con otros huéspedes, concretamente el señor Emerson y su hijo George, que les ofrecen intercambiar el alojamiento. A partir de entonces, Lucy y George viven una apasionada historia de amor, lejos de los convencionalismos de la época. Pero Lucy debe regresar a Inglaterra para encontrarse con su prometido, Cecil. Sin embargo, el recuerdo de George sigue presente y su súbita irrupción hará que Lucy dude...Novela costumbrista, fue llevada al cine por James Ivory. | ||
| 020 | |a 8447300161 | ||
| 100 | 1 | |a Forster, Edward Morgan. | |
| 700 | 1 | |a Pessarrodona, Marta; trad. | |
| 653 | |a Literatura inglesa | ||
| 653 | |a Literatura británica | ||
| 653 | |a Novela inglesa | ||
| 653 | |a Novela británica | ||
| 859 | |a CEMS |b BIB. CEMS - 11 de abril |h 823.9 |i F774 |p 29690.24 |t Ej.1 | ||
